5HLuxD.jpg

KING HENRY VIII SENIOR AND PRIMARY SCHOOL LIBRARY OPAC

WHERE IS THE GRAND CANYON? (Record no. 4188)

000 -LEADER
fixed length control field 00300nam a22001097a 4500
008 - FIXED-LENGTH DATA ELEMENTS--GENERAL INFORMATION
fixed length control field 250123b ||||| |||| 00| 0 eng d
020 ## - INTERNATIONAL STANDARD BOOK NUMBER
International Standard Book Number 9780448483573
082 ## - DEWEY DECIMAL CLASSIFICATION NUMBER
Classification number 979 OCO
100 ## - MAIN ENTRY--PERSONAL NAME
Personal name JIM O'CONNOR
Relator term O'CONNOR,JIM
245 ## - TITLE STATEMENT
Title WHERE IS THE GRAND CANYON?
942 ## - ADDED ENTRY ELEMENTS (KOHA)
Source of classification or shelving scheme
Classification part 979 OCO
Holdings
Withdrawn status Lost status Source of classification or shelving scheme Damaged status Not for loan Collection code Permanent Location Current Location Shelving location Date acquired Full call number Barcode Date last seen Price effective from
          Non-Fiction KH8 Primary School Library KH8 Primary School Library Non Fiction 2025-01-23 979 OCO KHPL000005019 2025-12-05 2025-01-23

Powered By KH8 IT Dept